书目信息 |
| 题名: |
网络安全与防火墙技术
|
|
| 作者: | 楚狂待 编 | |
| 分册: | ||
| 出版信息: | 北京 人民邮电出版社 2000.04 |
|
| 页数: | 302页 | |
| 开本: | 16开?0 | |
| 丛书名: | ||
| 单 册: | ||
| 中图分类: | TP393.08 | |
| 科图分类: | ||
| 主题词: | 计算机应用 | |
| 电子资源: | ||
| ISBN: | 7-115-08412-2 | |
| 000 | 00573nam0 2200193 45 | |
| 001 | 0010031648 | |
| 005 | 20001003160220.0 | |
| 010 | @a7-115-08412-2@d29.00元 | |
| 100 | @a20001003d2000 km y0chiy0120 ea | |
| 101 | 0 | @achi |
| 105 | @a z 000yy | |
| 200 | 1 | @a网络安全与防火墙技术@AWang Luo An Quan Yu Fang Huo Qiang Ji Shu@f楚狂待编@FChu Kuang Dai Bian |
| 210 | @a北京@c人民邮电出版社@d2000.04 | |
| 215 | @a302页@d16开?0 | |
| 606 | @a计算机应用 | |
| 690 | @aTP393.08@v3 | |
| 701 | 0 | @a楚狂待@4编 |
| 801 | @aCN@bPftUser@c20001003 | |
| 905 | @b169656-657@dTP393.08@eCH.734@f2 | |
| 网络安全与防火墙技术/楚狂待编.-北京:人民邮电出版社,2000.04 |
| 302页;16开?0 |
| ISBN 7-115-08412-2:29.00元 |
| ● |
| 相关链接 |
|
|
|
正题名:网络安全与防火墙技术
索取号:TP393.08/CH.734
 
预约/预借
| 序号 | 登录号 | 条形码 | 馆藏地/架位号 | 状态 | 备注 |
| 1 | 169656 | 201696566 | 自科库301/ [索取号:TP393.08/CH.734] | 在馆 | |
| 2 | 169657 | 201696575 | 期刊室512/301自科库 121排2列2层/ [索取号:TP393.08/CH.734] | 在馆 |